00282nam a22001097a 4500008004100000020001500041082001500056100001900071245003600090260003700126300000900163230619b xxu||||| |||| 00| 0 eng d a075063801X a005.8bKEI cKeith Brindley aWord 97 for windows made simple bBritish Library Catalogingc1997 a152p